00995cam0a220027700 4500001001200000005001700012008004100029010001600070020001800086035001900104035002200123040000900145050002100154070002000175082001500195100014200210245011900352250001200471260003400483500004000517504004100557650003500598949005900633004000600692999001900698mtr0199054820190822110030.0860610s1987 nyua b 001 0 eng  a 86015687 c55.00 (est.) a(Sirsi) r93493 a(UPRA)mtr01990548 dUPRA0 aQD8.5b.M34 19870 aQD8.5.M34b19870 a540/.72191 aMaizell, Robert E. (Robert Edward), 1924-qMaizell, Robert E. (Robert Edward), 1924-dMaizell, Robert E. (Robert Edward), 1924-6A52218.110aHow to find chemical information :ba guide for practicing chemists, educators, and students /cRobert E. Maizell. a2nd ed. aNew York :bJ. Wiley,cc1987. a"A Wiley-Interscience publication." aIncludes bibliographies and indexes. 0aChemical literature.6S16111.1 aQD8.5wlcci33729001799589mMAINp2500tBOOKlON-SHELF93493 c131731d131731